[Event "26th WSCC 2016 Women 50+"]
[Site "Marianske Lazne, Czech Republic - Hotel Cristal"]
[Date "2016.11.27"]
[Round "8.9"]
[White "Schulz, Petra"]
[Black "Milligan, Helen"]
[Result "1/2-1/2"]
[WhiteElo "2101"]
[BlackElo "2053"]
[PlyCount "81"]
[EventDate "2016.11.19"]

1. e4 e5 2. Nf3 Nc6 3. Bb5 a6 4. Bxc6 dxc6 5. O-O Qd6 6. Na3 Be6 7. Qe2 f6 8.
c3 Ne7 9. d4 exd4 10. Nxd4 Ng6 11. Nc4 Bxc4 12. Qxc4 O-O-O 13. b4 Qd7 14. a4
Ne5 15. Qa2 Bd6 16. b5 a5 17. f4 Bc5 18. fxe5 fxe5 19. bxc6 Qxc6 20. Bg5 Rd7
21. Kh1 exd4 22. cxd4 Bxd4 23. Rac1 Qg6 24. Rf5 Bb6 25. Rcf1 c6 26. Qb3 Bd8 27.
Bf4 Re8 28. Be5 Bc7 29. Qc3 Bxe5 30. Rxe5 Red8 31. Qxa5 Qd6 32. h3 Qc7 33.
Qxc7+ Kxc7 34. Kh2 Rd1 35. Rf7+ R8d7 36. Rf8 R1d4 37. a5 Rd8 38. Rf7+ R8d7 39.
Rf8 Rd8 40. Rf7+ R8d7 41. Rf8 1/2-1/2

[Event "26th WSCC 2016 Women 50+"]
[Site "Marianske Lazne, Czech Republic - Hotel Cristal"]
[Date "2016.11.27"]
[Round "8.10"]
[White "Baliuniene, Margarita"]
[Black "Mednikova, Svetlana"]
[Result "0-1"]
[WhiteElo "1877"]
[BlackElo "2195"]
[PlyCount "72"]
[EventDate "2016.11.19"]

1. Nf3 d5 2. g3 Nc6 3. d4 Bg4 4. Bg2 Qd7 5. h3 Bh5 6. Bf4 O-O-O 7. Nc3 Kb8 8.
a3 f6 9. g4 Bf7 10. b4 g5 11. Bg3 h5 12. gxh5 e6 13. Qb1 Bd6 14. Bxd6 Qxd6 15.
b5 Na5 16. Qb4 Nc4 17. Qxd6 cxd6 18. e4 dxe4 19. Nxe4 Rxh5 20. a4 b6 21. Ned2
Na5 22. c3 Ne7 23. Ne4 Nd5 24. Rc1 Rh6 25. Kf1 Nf4 26. Nfd2 d5 27. Ng3 Bg6 28.
Bf3 Bd3+ 29. Ne2 f5 30. Ke1 Nxh3 31. Bg2 Rdh8 32. Bf1 g4 33. Bxh3 Rxh3 34. Rxh3
gxh3 35. Ng3 h2 36. Nh1 Rg8 0-1

[Event "26th WSCC 2016 Women 50+"]
[Site "Marianske Lazne, Czech Republic - Hotel Cristal"]
[Date "2016.11.27"]
[Round "8.11"]
[White "Bazantova, Marie"]
[Black "Kierzek, Mira"]
[Result "1-0"]
[WhiteElo "1936"]
[BlackElo "2005"]
[PlyCount "123"]
[EventDate "2016.11.19"]

1. e4 c5 2. Nf3 Nc6 3. c3 g6 4. Bd3 Bg7 5. O-O Nf6 6. Bc2 O-O 7. e5 Nd5 8. Re1
d6 9. exd6 Qxd6 10. Na3 a6 11. Nc4 Qc7 12. a4 Bg4 13. h3 Bd7 14. d3 h6 15. Bd2
Rad8 16. Qe2 Bf5 17. Nh4 Be6 18. Nxg6 fxg6 19. Qxe6+ Kh7 20. Qg4 Rf6 21. Re2
Rdf8 22. Rae1 b5 23. axb5 axb5 24. Na3 Qb7 25. Re6 Nd8 26. Rxf6 Rxf6 27. c4
bxc4 28. dxc4 Nb4 29. Be4 Qb8 30. h4 Ndc6 31. Bc3 Nd4 32. h5 Qf8 33. Bxg6+ Kh8
34. Qg3 Rf4 35. Nb5 Nbc6 36. Be4 Nd8 37. Qg6 Rxe4 38. Qxe4 N8e6 39. Bxd4 Nxd4
40. Qxe7 Qf4 41. Qe8+ Kh7 42. Qe4+ Qxe4 43. Rxe4 Nb3 44. Re3 Na5 45. b3 Nc6 46.
Kf1 Ne5 47. Nc7 Ng4 48. Re7 Kg8 49. Ne6 Bf6 50. Rc7 Nh2+ 51. Ke2 Ng4 52. Nxc5
Be5 53. Rc6 Nf6 54. g4 Kf7 55. f3 Bd4 56. Ne4 Ng8 57. Kd3 Be5 58. c5 Bf4 59. b4
Ke7 60. Rg6 Kf8 61. c6 Be5 62. b5 1-0

[Event "26th WSCC 2016 Women 50+"]
[Site "Marianske Lazne, Czech Republic - Hotel Cristal"]
[Date "2016.11.27"]
[Round "8.12"]
[White "Beltz, Martina"]
[Black "Korinkova, Eva"]
[Result "0-1"]
[WhiteElo "2066"]
[BlackElo "1792"]
[PlyCount "52"]
[EventDate "2016.11.19"]

1. c4 Nf6 2. Nc3 g6 3. g3 Bg7 4. Bg2 O-O 5. d3 c6 6. Bg5 Qb6 7. Qd2 Re8 8. Nf3
d6 9. O-O Nbd7 10. Rab1 a5 11. h3 Nc5 12. Bh6 Bh8 13. Kh2 Qc7 14. Ng5 e5 15. f4
exf4 16. Rxf4 Ne6 17. Rf2 Nxg5 18. Qxg5 Re5 19. Qd2 Rh5 20. Kg1 Bxh3 21. Rbf1
Bxg2 22. Kxg2 Ng4 23. Rxf7 Rh2+ 24. Kg1 Bd4+ 25. Be3 Qxf7 26. Bxd4 Rh1+ 0-1

[Event "26th WSCC 2016 Women 50+"]
[Site "Marianske Lazne, Czech Republic - Hotel Cristal"]
[Date "2016.11.28"]
[Round "9.1"]
[White "Berend, Elvira"]
[Black "Ivanova, Tatiana"]
[Result "1-0"]
[WhiteElo "2349"]
[BlackElo "2108"]
[PlyCount "119"]
[EventDate "2016.11.19"]

1. d4 Nf6 2. c4 e6 3. g3 Bb4+ 4. Bd2 Qe7 5. Nf3 O-O 6. Nc3 Bxc3 7. Bxc3 Ne4 8.
Rc1 Nxc3 9. Rxc3 Nc6 10. Bg2 d6 11. d5 Nd8 12. dxe6 Nxe6 13. O-O Qf6 14. Qd2 h6
15. Rd1 Re8 16. Ra3 Bd7 17. b4 a6 18. Re3 Bc6 19. h4 Rad8 20. Ne1 Bxg2 21. Nxg2
Re7 22. Rf3 Qg6 23. Ne3 Red7 24. Nf5 Kh7 25. e4 Qg4 26. Qe3 g5 27. Kf1 Ng7 28.
Nxg7 Kxg7 29. hxg5 hxg5 30. Qc3+ Kg8 31. Kg2 Qxe4 32. Rd5 f5 33. Rdxf5 Rg7 34.
Qf6 Rdd7 35. Rxg5 Rxg5 36. Qxg5+ Rg7 37. Qd5+ Qxd5 38. cxd5 c5 39. dxc6 bxc6
40. Ra3 Ra7 41. Ra5 d5 42. Rc5 d4 43. Rxc6 Rd7 44. Kf1 d3 45. Ke1 Re7+ 46. Kd2
Re2+ 47. Kxd3 Rxa2 48. Ke3 Ra3+ 49. Ke4 Ra4 50. Kf5 Kg7 51. f4 Rxb4 52. Rxa6
Rb5+ 53. Kg4 Rc5 54. Kh4 Rf5 55. Kg4 Rc5 56. f5 Rc3 57. Kf4 Rc7 58. Kg5 Rb7 59.
g4 Rc7 60. Kh5 1-0

[Event "26th WSCC 2016 Women 50+"]
[Site "Marianske Lazne, Czech Republic - Hotel Cristal"]
[Date "2016.11.28"]
[Round "9.2"]
[White "Makropoulou, Marina"]
[Black "Strutinskaia, Galina"]
[Result "1/2-1/2"]
[WhiteElo "2119"]
[BlackElo "2266"]
[PlyCount "84"]
[EventDate "2016.11.19"]

1. e4 c5 2. Nf3 Nc6 3. Bb5 e6 4. O-O Nge7 5. Re1 a6 6. Bf1 d5 7. exd5 Nxd5 8.
d4 Nf6 9. Be3 cxd4 10. Nxd4 Nxd4 11. Bxd4 Bd7 12. c4 Be7 13. Nc3 Bc6 14. a3 O-O
15. b4 b6 16. Ra2 Ra7 17. Rd2 Rd7 18. Be3 Qc7 19. Rxd7 Nxd7 20. Qc1 a5 21. bxa5
bxa5 22. Nd5 Qd6 23. Nxe7+ Qxe7 24. Qc3 a4 25. Qb4 Qd8 26. Rd1 Qa8 27. Qd6 Re8
28. h3 e5 29. Qc7 Rc8 30. Qd6 Re8 31. Qc7 Rc8 32. Qa7 Qxa7 33. Bxa7 f5 34. f3
Kf7 35. Rd6 Ke7 36. c5 Rc7 37. Bc4 Rxa7 38. Rxc6 Ra5 39. Re6+ Kd8 40. c6 Nf8
41. c7+ Kxc7 42. Re7+ Kd6 1/2-1/2

[Event "26th WSCC 2016 Women 50+"]
[Site "Marianske Lazne, Czech Republic - Hotel Cristal"]
[Date "2016.11.28"]
[Round "9.3"]
[White "Kasoshvili, Tsiala"]
[Black "Bogumil, Tatiana"]
[Result "0-1"]
[WhiteElo "2117"]
[BlackElo "2124"]
[PlyCount "80"]
[EventDate "2016.11.19"]

1. d4 Nf6 2. Nf3 c5 3. c4 b6 4. Nc3 Bb7 5. d5 d6 6. e4 Nbd7 7. Qc2 g6 8. h3 Bg7
9. Be2 O-O 10. O-O a6 11. a4 Ne8 12. Be3 Nc7 13. Rad1 b5 14. axb5 axb5 15. cxb5
Qb8 16. Bg5 Re8 17. Qd2 Nb6 18. Bh6 Bh8 19. Qf4 Rd8 20. h4 Na4 21. b6 Nxb6 22.
h5 Nd7 23. hxg6 hxg6 24. Qh4 Bf6 25. Bg5 Ba6 26. Bxf6 Nxf6 27. e5 Bxe2 28. Nxe2
dxe5 29. d6 Nce8 30. dxe7 Rxd1 31. Rxd1 Qxb2 32. Rd8 Ra1+ 33. Kh2 e4 34. Ned4
Qb6 35. Nf5 exf3 36. Nh6+ Kg7 37. Nf5+ gxf5 38. Qg5+ Kh7 39. Qxf5+ Kh6 40. g4
Qc7+ 0-1

[Event "26th WSCC 2016 Women 50+"]
[Site "Marianske Lazne, Czech Republic - Hotel Cristal"]
[Date "2016.11.28"]
[Round "9.4"]
[White "Sazonova, Elena N"]
[Black "Ankudinova, Yelena"]
[Result "0-1"]
[WhiteElo "2113"]
[BlackElo "2122"]
[PlyCount "132"]
[EventDate "2016.11.19"]

1. e4 g6 2. d4 Bg7 3. Nc3 a6 4. a4 d6 5. h3 Nd7 6. g3 b6 7. Bg2 Bb7 8. Nge2 e6
9. O-O Ne7 10. Bg5 h6 11. Be3 O-O 12. Qd2 Kh7 13. g4 c6 14. Ng3 Qc7 15. Rad1 b5
16. b3 b4 17. Nce2 a5 18. e5 d5 19. Rc1 Ba6 20. c3 Rab8 21. Rfe1 bxc3 22. Rxc3
Rb4 23. Nc1 Rfb8 24. f4 f6 25. exf6 Bxf6 26. Bf2 Qd6 27. Nge2 Rc8 28. Na2 Rb6
29. Qe3 Nf8 30. Rc5 Bxe2 31. Rxe2 Rcb8 32. Rc3 Qa3 33. Nc1 Rc8 34. Qd2 Rcb8 35.
Qd3 Qd6 36. Qe3 Rb4 37. Rd2 Rc8 38. Na2 Rb7 39. Bf3 Qb8 40. Bd1 Kg8 41. Rc5 Ra7
42. Nc1 Qd6 43. Nd3 Nd7 44. Rc1 Rb7 45. Re2 Nf8 46. Be1 Ra7 47. b4 axb4 48.
Bxb4 Qb8 49. Rb2 Qc7 50. Nc5 g5 51. Nxe6 gxf4 52. Nxc7 fxe3 53. Bxe7 Bxd4 54.
Re2 Raxc7 55. Bd6 Rd7 56. Bf4 Re7 57. Bb3 Rf7 58. Bg3 Rd7 59. Bf4 Ba7 60. Kg2
Ng6 61. Bxe3 Re8 62. Rce1 Rde7 63. Kf2 Nf4 64. Bxa7 Nxe2 65. Bc5 Rf7+ 66. Kg2
Nf4+ 0-1

[Event "26th WSCC 2016 Women 50+"]
[Site "Marianske Lazne, Czech Republic - Hotel Cristal"]
[Date "2016.11.28"]
[Round "9.5"]
[White "Liu, Shilan"]
[Black "Richtrova, Eliska"]
[Result "1-0"]
[WhiteElo "2249"]
[BlackElo "2188"]
[PlyCount "99"]
[EventDate "2016.11.19"]

1. e4 e6 2. d4 d5 3. Nd2 c5 4. exd5 Qxd5 5. Ngf3 cxd4 6. Bc4 Qc5 7. O-O Nf6 8.
Qe2 Nc6 9. a3 Bd6 10. b4 Qh5 11. b5 Ne7 12. Re1 O-O 13. Nf1 Nf5 14. Bb2 Bd7 15.
Nxd4 Qxe2 16. Rxe2 Nxd4 17. Bxd4 Rfc8 18. Bd3 Bc5 19. Bb2 a6 20. bxa6 bxa6 21.
Ne3 Ba4 22. Nd1 Bc6 23. Ne3 Rcb8 24. Be5 Rd8 25. h3 Nd5 26. Nxd5 Bxd5 27. a4 f6
28. Bc3 Rdc8 29. Be1 e5 30. Rb1 Bd4 31. a5 g6 32. Kf1 Ra7 33. f3 Bc4 34. Bxc4+
Rxc4 35. c3 Bc5 36. Rb8+ Bf8 37. Reb2 Ra4 38. Bd2 Kf7 39. Be3 Rc7 40. R2b7 Ra1+
41. Ke2 Rxb7 42. Rxb7+ Ke8 43. Bb6 Ra2+ 44. Kd3 h5 45. Ra7 Rxg2 46. Rxa6 Kd7
47. Ra7+ Kd6 48. Kc4 Ke6 49. a6 f5 50. Ra8 1-0

[Event "26th WSCC 2016 Women 50+"]
[Site "Marianske Lazne, Czech Republic - Hotel Cristal"]
[Date "2016.11.28"]
[Round "9.6"]
[White "Wagner-Michel, Annett"]
[Black "Sirotkina, Nina"]
[Result "1-0"]
[WhiteElo "2130"]
[BlackElo "2178"]
[PlyCount "89"]
[EventDate "2016.11.19"]

1. e4 d5 2. exd5 Qxd5 3. Nc3 Qd6 4. Bc4 Nf6 5. h3 c6 6. d3 Bf5 7. Nf3 e6 8. O-O
h6 9. Re1 Be7 10. Ne5 O-O 11. Bf4 Qd8 12. Qf3 Nbd7 13. g4 Nxe5 14. Bxe5 Bg6 15.
Ne2 Nd5 16. Bxd5 Qxd5 17. Qg3 Bh4 18. Qe3 Bg5 19. f4 Bd8 20. Kh2 Bb6 21. Qg3 f6
22. Bc3 Bf7 23. Bd2 Bc7 24. Nc3 Qd7 25. Ne4 b6 26. Re2 Rae8 27. Rg1 Bg6 28.
Rge1 c5 29. Nc3 Qc6 30. Qg2 Qd7 31. Bc1 Bb8 32. Kh1 Bf7 33. a4 Rc8 34. Qf2 c4
35. d4 Rfd8 36. Be3 Qc6+ 37. Kg1 Rd7 38. Qg2 Qd6 39. Nb5 Qb4 40. f5 exf5 41.
gxf5 Qxa4 42. Bxh6 Bh5 43. Re7 g5 44. Rxd7 Qxb5 45. Qb7 1-0

[Event "26th WSCC 2016 Women 50+"]
[Site "Marianske Lazne, Czech Republic - Hotel Cristal"]
[Date "2016.11.28"]
[Round "9.7"]
[White "Mednikova, Svetlana"]
[Black "Milligan, Helen"]
[Result "1/2-1/2"]
[WhiteElo "2195"]
[BlackElo "2053"]
[PlyCount "93"]
[EventDate "2016.11.19"]

1. e4 e5 2. Nf3 Nc6 3. Bb5 a6 4. Ba4 Nf6 5. O-O Be7 6. Re1 b5 7. Bb3 d6 8. c3
O-O 9. h3 Bb7 10. d4 Re8 11. Nbd2 Bf8 12. Bc2 g6 13. a4 exd4 14. Nxd4 Nxd4 15.
cxd4 c5 16. d5 Bg7 17. Nf3 Nd7 18. Bg5 Bf6 19. Bxf6 Qxf6 20. b3 Ne5 21. Re3
Nxf3+ 22. Rxf3 Qe5 23. Rb1 Bc8 24. Qd2 b4 25. g4 Bd7 26. Rg3 g5 27. f4 gxf4 28.
Rf3 Qd4+ 29. Qf2 Qxf2+ 30. Kxf2 f6 31. Rxf4 Kg7 32. Rg1 h6 33. h4 Rf8 34. Ke3
Rae8 35. Rgf1 Re5 36. Bd3 Bc8 37. a5 Rf7 38. Rg1 Rfe7 39. Kf2 Rf7 40. Ke3 Rfe7
41. Kd2 Rf7 42. Rgf1 Rf8 43. R1f2 Rf7 44. Rg2 Rfe7 45. Rf3 Re8 46. Rfg3 R8e7
47. Rf3 1/2-1/2

[Event "26th WSCC 2016 Women 50+"]
[Site "Marianske Lazne, Czech Republic - Hotel Cristal"]
[Date "2016.11.28"]
[Round "9.8"]
[White "Khropova, Larisa"]
[Black "Birkholz, Olga"]
[Result "0-1"]
[WhiteElo "1981"]
[BlackElo "2064"]
[PlyCount "142"]
[EventDate "2016.11.19"]

1. d4 d5 2. Nf3 g6 3. Bf4 Bg7 4. e3 Nf6 5. h3 O-O 6. Bd3 c5 7. c3 Nbd7 8. Nbd2
Qb6 9. Rb1 Nh5 10. Bh2 Re8 11. O-O e5 12. dxe5 Nxe5 13. Nxe5 Bxe5 14. Bxe5 Rxe5
15. Nf3 Re7 16. Qd2 Nf6 17. b4 Be6 18. Rb2 Rc8 19. Rfb1 c4 20. Bc2 Bd7 21. a4
Ne4 22. Bxe4 dxe4 23. a5 Qb5 24. Nd4 Qg5 25. Kh2 Qe5+ 26. Kh1 g5 27. Ne2 g4 28.
Nf4 Rc6 29. Qd5 gxh3 30. gxh3 Qxd5 31. Nxd5 Re5 32. Rg1+ Kf8 33. Nf4 Rd6 34.
Kh2 a6 35. Rc1 Rf5 36. Rcc2 Rxf4 37. exf4 Rd3 38. Rd2 Rxh3+ 39. Kg2 Be6 40. Rd4
Rxc3 41. b5 axb5 42. Rxb5 Rd3 43. Rxe4 Bd5 44. f3 Bxe4 45. fxe4 Rb3 46. Rc5 c3
47. e5 Kg7 48. Kf3 h5 49. Kg3 Kg6 50. Kh4 Kf5 51. Rc4 Ra3 52. Kxh5 Rxa5 53.
Rxc3 Kxf4 54. Rc7 Rxe5+ 55. Kh4 b5 56. Rxf7+ Ke4 57. Kg4 Kd3 58. Kf4 Re8 59.
Rd7+ Kc2 60. Rc7+ Kb3 61. Kf3 b4 62. Kf2 Re4 63. Kf3 Re5 64. Kf4 Re8 65. Kf3
Kb2 66. Kf2 Re5 67. Rc8 b3 68. Rc7 Kb1 69. Rb7 b2 70. Rc7 Ra5 71. Ke2 Ka1 0-1

[Event "26th WSCC 2016 Women 50+"]
[Site "Marianske Lazne, Czech Republic - Hotel Cristal"]
[Date "2016.11.28"]
[Round "9.9"]
[White "Mira, Helene"]
[Black "Schulz, Petra"]
[Result "0-1"]
[WhiteElo "2047"]
[BlackElo "2101"]
[PlyCount "106"]
[EventDate "2016.11.19"]

1. Nf3 Nf6 2. c4 g6 3. Nc3 Bg7 4. e4 d6 5. d4 O-O 6. Be2 e5 7. O-O Nc6 8. d5
Ne7 9. Ne1 Nd7 10. Nd3 f5 11. f3 b6 12. Be3 f4 13. Bf2 g5 14. b4 Ng6 15. c5 Nf6
16. Rc1 Rf7 17. cxd6 cxd6 18. Nb5 g4 19. Rc6 Bf8 20. Qc2 Bd7 21. Nxd6 Bxd6 22.
Rxd6 gxf3 23. gxf3 Qe7 24. Rc6 Bxc6 25. dxc6 Rg7 26. Kh1 Ne8 27. b5 Kh8 28. Qc4
Nd6 29. Qb4 Rag8 30. Rg1 Nh4 31. Rxg7 Qxg7 32. Ne1 Ng2 33. Bf1 Nxe1 34. Qxe1
Nxb5 35. Bh3 Nc7 36. Qd1 Ne6 37. Qd7 Qxd7 38. cxd7 Ng5 39. Bg4 Kg7 40. h4 Nf7
41. h5 Nd8 42. a4 Nc6 43. Bh4 Kf7 44. h6 a6 45. Bf5 b5 46. axb5 axb5 47. Bh3
Rb8 48. Kh2 b4 49. Bf5 b3 50. Bxh7 b2 51. Bf5 b1=Q 52. h7 Rb2+ 53. Kh3 Qg1 0-1

[Event "26th WSCC 2016 Women 50+"]
[Site "Marianske Lazne, Czech Republic - Hotel Cristal"]
[Date "2016.11.28"]
[Round "9.10"]
[White "Kierzek, Mira"]
[Black "Ovlyakuliyeva, Guldjahan"]
[Result "1-0"]
[WhiteElo "2005"]
[BlackElo "1884"]
[PlyCount "127"]
[EventDate "2016.11.19"]

1. d4 d5 2. c4 e6 3. Nf3 Nf6 4. g3 c6 5. Bg2 Nbd7 6. Qc2 Be7 7. O-O O-O 8. Nbd2
dxc4 9. Nxc4 Nd5 10. e4 N5b6 11. b3 c5 12. Bb2 cxd4 13. Nxb6 Nxb6 14. Nxd4 Bd7
15. Rfd1 Rc8 16. Qe2 Qc7 17. Rac1 Qb8 18. Kh1 Rxc1 19. Rxc1 Rc8 20. Rd1 Rc7 21.
Rc1 Rxc1+ 22. Bxc1 Qc7 23. Be3 Nc8 24. h4 b6 25. Kh2 Bxh4 26. Nb5 Bxb5 27. Qxb5
Nd6 28. Qd3 Be7 29. Bf4 Qd8 30. Qa6 Qd7 31. Qd3 Qb5 32. Qd2 e5 33. Be3 f6 34.
Qc2 Qd7 35. Bh3 Qd8 36. Qc6 Kf8 37. a4 Ne8 38. a5 bxa5 39. Bxa7 Qc7 40. Qxc7
Nxc7 41. Bb6 Na6 42. Bxa5 Nc5 43. b4 Nxe4 44. Kg2 Ke8 45. Bf5 Nd6 46. Bxh7 Kd7
47. Bc2 Nb7 48. Bf5+ Kc6 49. Be4+ Kb5 50. Bxb7 f5 51. Bc8 f4 52. g4 e4 53. Kf1
Bd6 54. Ke2 g5 55. Bb7 e3 56. fxe3 fxe3 57. Kxe3 Be7 58. Kd3 Bf6 59. Bc8 Kc6
60. Kc4 Be5 61. b5+ Kd6 62. Bd8 Bf4 63. b6 Kc6 64. b7 1-0

[Event "26th WSCC 2016 Women 50+"]
[Site "Marianske Lazne, Czech Republic - Hotel Cristal"]
[Date "2016.11.28"]
[Round "9.11"]
[White "Beltz, Martina"]
[Black "Bazantova, Marie"]
[Result "0-1"]
[WhiteElo "2066"]
[BlackElo "1936"]
[PlyCount "76"]
[EventDate "2016.11.19"]

1. d4 Nf6 2. e3 e6 3. Bd3 b6 4. Nf3 Bb7 5. Nbd2 Be7 6. O-O O-O 7. b3 d6 8. Bb2
Nbd7 9. Qe2 c5 10. Rfd1 Qc7 11. a4 Rfe8 12. c4 Rad8 13. Bc2 d5 14. Rac1 Qb8 15.
Ne5 Nf8 16. Bb1 Ng6 17. f4 cxd4 18. Bxg6 hxg6 19. exd4 dxc4 20. Ndxc4 Nd5 21.
Rf1 Ba8 22. Nxg6 Bf6 23. Nge5 b5 24. axb5 Qxb5 25. Rf3 Ne7 26. Rd3 Nf5 27. Ra1
Qb7 28. Ne3 Qe4 29. Rxa7 Bxe5 30. fxe5 Nxd4 31. Qf1 Nf3+ 32. Qxf3 Qxf3 33. gxf3
Rxd3 34. Nc4 Rxf3 35. Nd6 Rb8 36. b4 Bc6 37. Rc7 Rxb4 38. Bc1 Rg4+ 0-1

[Event "26th WSCC 2016 Women 50+"]
[Site "Marianske Lazne, Czech Republic - Hotel Cristal"]
[Date "2016.11.28"]
[Round "9.12"]
[White "Korinkova, Eva"]
[Black "Baliuniene, Margarita"]
[Result "0-1"]
[WhiteElo "1792"]
[BlackElo "1877"]
[PlyCount "100"]
[EventDate "2016.11.19"]

1. e4 d6 2. d4 g6 3. Nc3 Bg7 4. Nf3 Nd7 5. Be3 a6 6. a4 b6 7. Qd2 Bb7 8. Bd3 c5
9. b3 Rc8 10. d5 h5 11. O-O Ngf6 12. h3 Qc7 13. Rab1 O-O 14. Qe2 Nb8 15. Bf4
Nfd7 16. Qd2 Rfe8 17. Bh6 Bh8 18. Ng5 Nf8 19. f4 Nbd7 20. e5 dxe5 21. f5 e4 22.
fxg6 fxg6 23. Bxe4 Qe5 24. Ne2 Nf6 25. Bxf8 Nxe4 26. Nxe4 Rxf8 27. N4c3 Rcd8
28. Rbd1 Rxf1+ 29. Rxf1 Bxd5 30. Rd1 e6 31. Qh6 Qf5 32. Rf1 Qxc2 33. Nxd5 exd5
34. Qf4 Bg7 35. Qf7+ Kh7 36. Qe7 Rg8 37. Nf4 Qe4 38. Ne6 Kh8 39. Qf7 d4 40. Nf4
Kh7 41. Ne6 Qe3+ 42. Kh1 d3 43. Qd7 d2 44. h4 Kh8 45. Ng5 Re8 46. Nf7+ Kg8 47.
Qd5 Qd4 48. Nh6+ Kh7 49. Qc6 Re1 50. Nf5 Rxf1+ 0-1

[Event "26th WSCC 2016 Women 50+"]
[Site "Marianske Lazne, Czech Republic - Hotel Cristal"]
[Date "2016.11.29"]
[Round "10.1"]
[White "Wagner-Michel, Annett"]
[Black "Berend, Elvira"]
[Result "1/2-1/2"]
[WhiteElo "2130"]
[BlackElo "2349"]
[PlyCount "57"]
[EventDate "2016.11.19"]

1. e4 c5 2. Nf3 e6 3. d4 cxd4 4. Nxd4 Nf6 5. Bd3 Nc6 6. Nxc6 bxc6 7. c4 d5 8.
cxd5 cxd5 9. Bb5+ Bd7 10. Bxd7+ Qxd7 11. exd5 Bb4+ 12. Bd2 Bxd2+ 13. Qxd2 Qxd5
14. O-O Rb8 15. b3 O-O 16. Qe3 Qa5 17. Nc3 h6 18. h3 Rfc8 19. Rfc1 Qa3 20. Na4
Rxc1+ 21. Qxc1 Qe7 22. Qc2 Nd5 23. Rd1 Qb7 24. Qd2 Qe7 25. Nc3 Nb6 26. Qd6 Qb7
27. Rd3 Rc8 28. Rg3 Qc7 29. Qxc7 1/2-1/2

[Event "26th WSCC 2016 Women 50+"]
[Site "Marianske Lazne, Czech Republic - Hotel Cristal"]
[Date "2016.11.29"]
[Round "10.2"]
[White "Bogumil, Tatiana"]
[Black "Ankudinova, Yelena"]
[Result "1-0"]
[WhiteElo "2124"]
[BlackElo "2122"]
[PlyCount "85"]
[EventDate "2016.11.19"]

1. Nf3 f5 2. c4 g6 3. d4 Nf6 4. Nc3 Bg7 5. g3 O-O 6. Bg2 d6 7. O-O c6 8. Qc2
Qe8 9. b3 Na6 10. Ba3 b5 11. cxb5 cxb5 12. Ng5 Rb8 13. Nd5 b4 14. Bb2 Nxd5 15.
Bxd5+ e6 16. Bc4 Rb6 17. f4 h6 18. Nf3 Bb7 19. d5 e5 20. fxe5 dxe5 21. e4 f4
22. a3 Bc8 23. axb4 Nxb4 24. Qd2 Na6 25. Ba3 g5 26. Rad1 Kh7 27. Qe2 Rff6 28.
gxf4 Rxf4 29. Bc1 Bf8 30. Bxf4 gxf4 31. Kh1 Bc5 32. Nh4 Rf6 33. Nf5 Nb4 34. Rg1
Bxg1 35. Rxg1 Bxf5 36. exf5 Rxf5 37. Qe4 Qd7 38. Rd1 Kg7 39. Bb5 Qc8 40. Qxb4
f3 41. Qg4+ Kh8 42. Bd3 Rf8 43. Qg6 1-0

[Event "26th WSCC 2016 Women 50+"]
[Site "Marianske Lazne, Czech Republic - Hotel Cristal"]
[Date "2016.11.29"]
[Round "10.3"]
[White "Strutinskaia, Galina"]
[Black "Sazonova, Elena N"]
[Result "0-1"]
[WhiteElo "2266"]
[BlackElo "2113"]
[PlyCount "80"]
[EventDate "2016.11.19"]

1. c4 Nf6 2. Nc3 d6 3. d4 e5 4. Nf3 Nbd7 5. g3 g6 6. Bg2 Bg7 7. O-O O-O 8. b3
Re8 9. e4 exd4 10. Nxd4 Nc5 11. Re1 a5 12. f3 c6 13. Rb1 Nfd7 14. Be3 Ne5 15.
Qd2 a4 16. Red1 axb3 17. axb3 Qc7 18. Qc2 f5 19. b4 Nxc4 20. Bf4 Ne6 21. Nxe6
Bxe6 22. Ra1 Rxa1 23. Rxa1 Qb6+ 24. Kh1 Qxb4 25. Rc1 Ra8 26. h4 b5 27. Ne2 Ra6
28. exf5 Bxf5 29. Qd1 Bb2 30. Rxc4 Qxc4 31. Qxd6 Ra1+ 32. Kh2 Qxe2 33. g4 Ba3
34. Qd8+ Kf7 35. gxf5 Ra2 36. fxg6+ hxg6 37. Qd7+ Be7 38. Qh3 Qxg2+ 39. Qxg2
Rxg2+ 40. Kxg2 Bxh4 0-1

[Event "26th WSCC 2016 Women 50+"]
[Site "Marianske Lazne, Czech Republic - Hotel Cristal"]
[Date "2016.11.29"]
[Round "10.4"]
[White "Makropoulou, Marina"]
[Black "Liu, Shilan"]
[Result "0-1"]
[WhiteElo "2119"]
[BlackElo "2249"]
[PlyCount "120"]
[EventDate "2016.11.19"]

1. e4 c5 2. Nf3 d6 3. Bb5+ Bd7 4. Bxd7+ Qxd7 5. O-O Nf6 6. e5 dxe5 7. Nxe5 Qc7
8. Re1 Nc6 9. Nxc6 Qxc6 10. d4 Rd8 11. c3 e6 12. Be3 Be7 13. Qe2 O-O 14. Nd2
Nd5 15. Nf3 Nxe3 16. Qxe3 cxd4 17. Nxd4 Qb6 18. Qe2 Bf6 19. Nf3 Rd5 20. Rad1
Rfd8 21. Rxd5 Rxd5 22. Qc2 h6 23. Nd2 Be7 24. a3 a6 25. Ne4 Qc6 26. Ng3 Qd7 27.
Nf1 b5 28. Qe4 Bc5 29. g3 Qd6 30. Kg2 g6 31. Ne3 Rd2 32. Ng4 f5 33. Qa8+ Qd8
34. Qxd8+ Rxd8 35. Ne5 Rd2 36. Rf1 Rxb2 37. Nxg6 Rc2 38. Nf4 Rxc3 39. Nxe6 Bxa3
40. Rd1 Kf7 41. Nf4 Rc7 42. Rd5 Rc5 43. Rd7+ Ke8 44. Rd6 a5 45. Rxh6 b4 46. Rb6
Bc1 47. Ne6 Re5 48. Nd4 Bb2 49. Nc6 Rc5 50. Kf3 Bc3 51. Ke2 Kd7 52. Na7 a4 53.
Nb5 Bh8 54. Na7 b3 55. Rb7+ Ke6 56. Nb5 Rxb5 57. Rxb5 b2 58. Kd1 a3 59. Rb6+
Kd5 60. Kc2 a2 0-1

[Event "26th WSCC 2016 Women 50+"]
[Site "Marianske Lazne, Czech Republic - Hotel Cristal"]
[Date "2016.11.29"]
[Round "10.5"]
[White "Ivanova, Tatiana"]
[Black "Kasoshvili, Tsiala"]
[Result "0-1"]
[WhiteElo "2108"]
[BlackElo "2117"]
[PlyCount "162"]
[EventDate "2016.11.19"]

1. d4 g6 2. Nf3 Bg7 3. Bg5 c6 4. c3 d6 5. Nbd2 Nf6 6. e4 O-O 7. Bc4 Qc7 8. O-O
e5 9. h3 Nbd7 10. a4 Re8 11. Re1 Nf8 12. Qb3 Ne6 13. Rad1 h6 14. Be3 Bf8 15.
Nh2 Bd7 16. Ng4 Nxg4 17. hxg4 Kg7 18. f3 Be7 19. g3 Rh8 20. Kg2 Bf6 21. Nf1 b6
22. f4 exf4 23. gxf4 d5 24. exd5 Nxf4+ 25. Kf3 Nxd5 26. Bxd5 cxd5 27. Bf4 Qc6
28. a5 bxa5 29. Ne3 Be6 30. Ra1 Qb6 31. Qc2 Rac8 32. Qh2 Qd8 33. Rh1 Bg5 34.
Bxg5 Qxg5 35. Rxa5 h5 36. Qe5+ Qxe5 37. dxe5 hxg4+ 38. Kg2 Rxh1 39. Kxh1 Rb8
40. b4 Rd8 41. Nc2 Rc8 42. Ra3 Kh6 43. b5 Rc7 44. Nd4 Bc8 45. Kg2 Kg5 46. Kg3
Bd7 47. Rb3 Rb7 48. Rb4 Rb6 49. Ra4 Rb7 50. Rb4 Rc7 51. Rb3 Rc4 52. Ra3 Be8 53.
Rb3 Ra4 54. Rb1 Ra3 55. Rc1 Bd7 56. Rc2 Bf5 57. Rc1 Ra2 58. Nc6 Be4 59. Rg1 Rc2
60. Nxa7 Rxc3+ 61. Kf2 d4 62. Rd1 Rc2+ 63. Kg1 d3 64. Nc6 Bxc6 65. bxc6 Rxc6
66. Rxd3 Kf5 67. Rd7 Ke6 68. Ra7 Rc5 69. Ra4 Kxe5 70. Rxg4 Rc2 71. Ra4 f5 72.
Rb4 g5 73. Ra4 g4 74. Rb4 Kf6 75. Ra4 Kg5 76. Rb4 Kh4 77. Rf4 Kg3 78. Rf1 f4
79. Ra1 f3 80. Rb1 Rg2+ 81. Kh1 Rh2+ 0-1

[Event "26th WSCC 2016 Women 50+"]
[Site "Marianske Lazne, Czech Republic - Hotel Cristal"]
[Date "2016.11.29"]
[Round "10.6"]
[White "Schulz, Petra"]
[Black "Birkholz, Olga"]
[Result "0-1"]
[WhiteElo "2101"]
[BlackElo "2064"]
[PlyCount "120"]
[EventDate "2016.11.19"]

1. e4 g6 2. d4 Bg7 3. Nc3 d6 4. Be3 Nd7 5. f4 c6 6. Qd2 Nh6 7. Nf3 f5 8. e5 d5
9. h4 Nf8 10. h5 Qa5 11. a3 Ng4 12. b4 Qc7 13. Na4 b6 14. Bg1 Ne6 15. g3 Bd7
16. Nc3 a6 17. Be2 Nh6 18. Bd1 Nf8 19. a4 Ne6 20. Kf1 Qb7 21. Be2 O-O 22. hxg6
hxg6 23. Nh4 Be8 24. Be3 Bf7 25. Kg1 Rfd8 26. g4 Nxg4 27. Bxg4 fxg4 28. f5 gxf5
29. Nxf5 Bg6 30. Nxg7 Nxg7 31. Bh6 e6 32. Bg5 Rf8 33. Bf6 Nf5 34. Qh2 Ra7 35.
Rf1 Kf7 36. Ne2 Rg8 37. Qf4 Ke8 38. Rf2 Qf7 39. Rg2 Kd7 40. Kf1 Bh5 41. Ng3 Bg6
42. Ke1 Nxg3 43. Rxg3 Bf5 44. Kd2 Qf8 45. c3 c5 46. c4 cxd4 47. Qxd4 Qxb4+ 48.
Rc3 Rc7 49. Ke3 Qc5 50. Rhc1 Qxd4+ 51. Kxd4 Rxc4+ 52. Rxc4 dxc4 53. Rxc4 g3 54.
Rc1 Rg4+ 55. Ke3 Rxa4 56. Bg5 Be4 57. Bf4 g2 58. Bh2 Bd5 59. Kf2 b5 60. Bg1 b4
0-1